000 00468nam a2200181Ia 4500
005 20250423095234.0
008 250422s9999 xx 000 0 und d
020 _a978-030-875
050 _aHD 62.5 .O43/
100 _aOlagunju, Y. A.
245 0 _aEntrepreneurship and small scale business enterprises development in Nigeria
260 _aIbadan
260 _bUniversity Press PLC
260 _c2008
300 _a244 p
650 _aBusiness
942 _cBK
999 _c29669
_d29669